[Event "POL-chT U20 2nd League"]
[Site "Szczyrk"]
[Date "2017.07.25"]
[Round "5.46"]
[White "Szymoniak, Pawel"]
[Black "Oklejewicz, Marcin"]
[Result "1-0"]
[WhiteElo "1080"]
[BlackElo "1237"]
[PlyCount "57"]
[EventDate "2017.07.22"]
[EventType "team-swiss"]
[EventRounds "11"]
[EventCountry "POL"]
[SourceTitle "EXT 2019"]
[Source "ChessBase"]
[SourceDate "2018.10.10"]
[SourceVersion "1"]
[SourceVersionDate "2018.10.10"]
[SourceQuality "1"]

1. e4 e5 2. Nf3 d6 3. Bc4 Nf6 4. Nc3 Be7 5. 0-0 0-0 6. h3 c5 7. d3 a6 8. a3 b5 9. Bd5 Ra7 10. Be3 Nxd5 11. Nxd5 Bb7 12. c4 Nc6 13. b4 Nd4 14. Nxd4 cxd4 15. Bd2 Bxd5 16. cxd5 Rc7 17. Rc1 Qc8 18. Qf3 Rc2 19. Qd1 Rc7 20. f4 Qd7 21. fxe5 dxe5 22. Qf3 Bf6 23. Qg3 Rfc8 24. Rxc7 Rxc7 25. Rxf6 Qe7 26. Rxa6 f6 27. d6 Qe6 28. dxc7 Qxa6 29. Qg4 1-0

[Event "POL-chT U20 2nd League"]
[Site "Szczyrk"]
[Date "2017.07.22"]
[Round "1.46"]
[White "Szymoniak, Pawel"]
[Black "Klimkowski, Jan"]
[Result "0-1"]
[WhiteElo "1080"]
[BlackElo "1771"]
[PlyCount "100"]
[EventDate "2017.07.22"]
[EventType "team-swiss"]
[EventRounds "11"]
[EventCountry "POL"]
[SourceTitle "EXT 2019"]
[Source "ChessBase"]
[SourceDate "2018.10.10"]
[SourceVersion "1"]
[SourceVersionDate "2018.10.10"]
[SourceQuality "1"]

1. d4 Nf6 2. Bf4 g6 3. e3 Bg7 4. Nf3 d6 5. h3 0-0 6. Nc3 Nc6 7. d5 Nb8 8. Bc4 Nbd7 9. 0-0 Nc5 10. Re1 Nfe4 11. Nxe4 Nxe4 12. c3 Rb8 13. a4 c6 14. Nd2 Nc5 15. Qf3 b5 16. axb5 cxb5 17. Be2 a5 18. Ne4 Nxe4 19. Qxe4 b4 20. Rac1 Bf5 21. Qf3 Qb6 22. e4 Bd7 23. Be3 Qb7 24. cxb4 Qxb4 25. Rb1 Rfc8 26. Bd3 Bb5 27. Bxb5 Rxb5 28. Rec1 Rxc1+ 29. Rxc1 Bxb2 30. Rb1 Qc4 31. Qd1 a4 32. Bc1 a3 33. Bxb2 Rxb2 34. Rc1 Qxe4 35. Ra1 a2 36. f3 Qb1 37. Rxb1 Rxb1 38. Qxb1 axb1Q+ 39. Kh2 f5 40. h4 Qd3 41. h5 Qxd5 42. h6 Qe5+ 43. g3 d5 44. f4 Qe2+ 45. Kh3 Qg4+ 46. Kg2 d4 47. Kf2 d3 48. Kg2 Qe2+ 49. Kh3 d2 50. Kh4 Qg4# 0-1